| 000 | 00491 a2200193 4500 | ||
|---|---|---|---|
| 003 | OSt | ||
| 005 | 20180116182907.0 | ||
| 008 | 160426b xxu||||| |||| 00| 0 eng d | ||
| 020 | _a615261526152 | ||
| 040 | _c0 | ||
| 082 | _a111 | ||
| 100 | _aPrashanth,K. | ||
| 110 | _aICFAI | ||
| 245 |
_aHuman Resource Management-Best Practices at FedEx Corporation _cICMR Case Collection |
||
| 250 | _aHROB 034 | ||
| 260 |
_aIndia _bICFAI _c2003 |
||
| 300 | _a32p | ||
| 942 |
_aNBS _cCS _k111 ICF _2ddc |
||
| 999 |
_c347996 _d347996 |
||